The Essential Agus (Record no. 351560)
[ view plain ]
| 000 -LEADER | |
|---|---|
| fixed length control field | 00442nam a2200121Ia 4500 |
| 008 - FIXED-LENGTH DATA ELEMENTS--GENERAL INFORMATION | |
| fixed length control field | 171212s9999 xx 000 0 und d |
| 100 ## - MAIN ENTRY--PERSONAL NAME | |
| Personal name | Katz, Steven T. |
| 245 ## - TITLE STATEMENT | |
| Statement of responsibility, etc | Katz, Steven T. |
| Title | The Essential Agus |
| Remainder of title | The Writings of Jacob B. Agus |
| 260 ## - PUBLICATION, DISTRIBUTION, ETC. (IMPRINT) | |
| Name of publisher, distributor, etc | New York University Press |
| Date of publication, distribution, etc | 1997 |
| 650 ## - SUBJECT ADDED ENTRY--TOPICAL TERM | |
| Topical term or geographic name as entry element | History |
| 650 ## - SUBJECT ADDED ENTRY--TOPICAL TERM | |
| Topical term or geographic name as entry element | Judaism; Philosophy, Jewish; Agus, Jacob B. (Jacob Bernard), 1911–1986 |
| 856 ## - ELECTRONIC LOCATION AND ACCESS | |
| Uniform Resource Identifier | <a href="http://www.jstor.org/stable/j.ctt9qfs0p">http://www.jstor.org/stable/j.ctt9qfs0p</a> |
| Withdrawn status | Lost status | Damaged status | Home library | Current library | Date acquired | Total Checkouts | Full call number | Date last seen | Price effective from | Koha item type |
|---|---|---|---|---|---|---|---|---|---|---|
| College Library | College Library | 12/12/2017 | BM 45 .A393 1996 | 12/12/2017 | 12/12/2017 | Curriculum - Based eBooks |